Quizzes
Events
Quiz Creation
Community
Videos
Private Events
Remove Ads
Sign In
Join for FREE
Feedback
Dark Mode
Quiz Categories
Sports
Geography
Music
Movies
Television
Just For Fun
Miscellaneous
History
Literature
Language
Science
Gaming
Entertainment
Religion
Holiday
For Kids
Quiz Lab
Recent
Popular Today
Quiz Kudos Today
Editor Picks
Curator Picks
Quizzes by...
Day
Popularity
Type
Ratings
Length
Year
Community
Subscriptions
Recent Discussions
Orange Saloon
Badges
Playlists
Quests
Create
Leaderboards
Showdown
Live 5
Trivia Bingo
Activity
Puzzle Library
Sporcle Events
Private Events
Virtual Trivia
Globe League
Become a Host
Pub Owners
SporcleCon
Opinionation
Our Games
Videos
Blog
Mobile Apps
Partnerships
Remove Ads and Go Orange
Feedback
Science
Computer
Plants
Astronomy
Chemistry
Elements
Math
Animal
Physics
Anatomy
Biology
Geology
General Science
Science
Computer
Plants
Astronomy
Chemistry
Elements
Math
Animal
Physics
Anatomy
Biology
Geology
General Science
Random Quiz
Search Sporcle
×
Quiz Lab
Quiz Lab
Science
Clickable
Select answers by clicking on text or image buttons
Select answers by clicking on text or image buttons
Clickable
Best Score? Go Orange.
Med Surg: GI Matching Stats
Can you match the characteristics to the GI disease?
By
KyotoGirl
4m
30 Questions
24 Plays
24 Plays
24 Plays
Comments
Comments
Give Quiz Kudos
Give Quiz Kudos
-
- Ratings
hide this ad
More Info
Random Order
Randomize order of answers
Randomize order of answers
Replay
Link that replays current quiz
Next Quiz
Link to next quiz in quiz playlist
You Got
0%
They Got
Avg Score
54%
Avg Friend Score
Upgrade to see
Score Distribution
Jump to the score distribution portion of the page
Score
0/30
Timer
04:00
0
Plays Today
% Correct
SEVERE diarrhea
79.2%
Occurs anywhere in GI tract, especially ileum
75%
Treatment: Reducing inflammation
70.8%
Exacerbations and remissions
66.7%
Therapeutic Management: Partial or complete colectomy with ileostomy or anastomosis
66.7%
Complications: Stenosis and Fistulas
66.7%
Crampy RLQ pain
66.7%
Complication: Toxic Megacolon
62.5%
Bright red blood in stools
58.3%
Skin lesions and eye lesions
58.3%
Treatment: Suppressing immune responses
58.3%
Continuous mucosal lesions
54.2%
LLQ Pain
54.2%
10-20 stools per day
54.2%
Complication: Perforation
54.2%
% Correct
Complications: colon cancer
54.2%
Treatment: Oral fluids and IV fluids
54.2%
Treatment: Low-residue, High Protein Diet
54.2%
Joint abnormalities
50%
Complication: Hemorrhage
50%
Cobblestone appearance
50%
Less severe diarrhea
50%
Therapeutic Management: Corticosteroids
50%
Intermittent or non-continuous
45.8%
Therapeutic Management: Proctocolectomy with ileostomy
45.8%
Stenosis rare
45.8%
Complication: small bowel obstruction
41.7%
Transmural lesions
37.5%
Therapeutic Management: Bulk hydrophilic agents
33.3%
Steatorrhea
33.3%
Quiz Playlist
Details
Report
Send in Message
Add To Playlist
More Info:
Might help on the 2nd Med Surg 2 exam.
Clickable:
Select answers by clicking on text or image buttons
Random Order:
Randomize order of answers
Last Updated: Jun 6, 2017
Quiz Scoreboard
CHALLENGE
Sign Up to Join the Scoreboard
Show All
Scores
Hide
Comments
May contain spoilers
Recently Published
Street Fighter Characters
by Artimus82
Gaming
60s
9x9 Crossword: Cartoon Network
by jackfrog10
Miscellaneous
3m
College Basketball Coaching Resumes
by pancakes188
Sports
9m
More to Explore
Quiz From the Vault
Featured Blog Post
Where Did the Easter Bunny Come From?
hide this ad
You Might Also Like...
Tags
Clickable Quiz
Matching
Nursing
Today's Top Quizzes in Science
Browse Science
hide this ad
Today's Top Quizzes in Clickable
Browse Clickable
Top Contributed Quizzes in Science
1
Quick Pick: Radians
2
The First 100 Digits of Pi
3
Quick Pick: 'CI-CJ' Animals
4
Elements In Images
5
perfect squares 1-25
6
One Thing in Common: Science
7
One Thing in Common: Science II
8
One Thing in Common: Animals
9
Science Jokes
10
One Thing in Common: Science III
Explore More
Trending Topics
Marvel
Crossword
NBA
Anime
Harry Potter
Kpop
Disney
Pokémon
WWE
The Office
Country
Soccer
Song
Puzzle
NFL
hide this ad
More By:
KyotoGirl
Quiz
Plays
Rating
Category
Featured
Created
Pharm HESI Drug Endings
85
Science
May 9, 2017
Pharmacology HESI 1.0
82
Science
May 9, 2017
Pharmacology HESI 3.0
60
Science
May 10, 2017
Diabetes Drug Matching
47
Science
May 9, 2017
Med Surg: Stroke Nursing Care
46
Science
Jun 9, 2017
Go to Creator's Profile
Score Distribution
Quiz Creator Spotlight
KyotoGirl
Follow
Send a Message
Quizzes Created
-
Created Quiz Play Count
-
More By This Creator
Popular Quizzes Today
1
Find the US States - No Outlines Minefield
2
Find the Countries of Europe - No Outlines Minefield
3
The Countries of the World
4
Find the US States
5
Risky Map Clicking: Biggest States A-Z
6
US States
7
Popular People in 1961
8
Movies - When Are They Set?
More Science Quizzes
Image Sorting: Plants by Family
Published
Trending Quizzes
Risky Map Clicking: Least Populous States A-Z
1-10 Letter G Words
Risky Map Clicking: Next State Alphabetically
Adjectives in 80s TV Shows
The Seven Year Switch: Catherine
Recently Updated
Leaping Animals
pecheneg
Reality TV Shows (A-Z)
bhenderson79
Rickey Henderson's Hall of Fame Teammates
pecheneg
Champions League XIs: Arsenal
pecheneg
Quick Pick: Celebrities in WWE's Hall of Fame
aduchscher
A-Z Keypad Blitz II
pecheneg
Multiple Oscar Actors
pecheneg
Mystery Phrase Blitz: Oscar 'Best Actors'
pecheneg
F. Scott Fitzgerald Novels
LTH
Pick 3 Villains
ddd62291
Trending Topics
Disney
NBA
Marvel
Anime
Crossword
Harry Potter
Kpop
Pokémon
The Office
NFL
Puzzle
WWE
Song
Country
Soccer
Your Account Isn't Verified!
In order to create a playlist on Sporcle, you need to verify the email address you used during registration. Go to your
Sporcle Settings
to finish the process.
Report this User
Report this user for behavior that violates our
Community Guidelines
.
Details:
Send Report
Go to the Sporcle.com Mobile Site →
Comments